000 00461nam a2200181Ia 4500
005 20250326124657.0
008 250326s9999 xx 000 0 und d
037 _aTextbook
040 _aFMSL
_beng
_cFMSL
041 _aeng
_2eng
084 _aX:87 K6
_qFMSL
100 _aDalton M
_9368770
245 0 _aMen who manage
_cDalton M
260 _aNY
_bNY, John Wiley
_c1966
300 _a318p
942 _cTB
_hX:87 K6
999 _c1274710
_d1274710